[Event "4NCL Division One"]
[Site "Milton Keynes, ENG"]
[Date "2023.05.01"]
[Round "11.12"]
[White "Christiansen, Johan-Sebastian"]
[Black "Haydon, David L"]
[Result "1-0"]
[WhiteElo "2579"]
[BlackElo "2382"]
[PlyCount "57"]
[EventDate "2023.05.01"]
[WhiteTeam "Chessable White Rose 1"]
[BlackTeam "Wood Green"]

1. e4 c6 2. d4 d5 3. e5 Bf5 4. h4 h5 5. c4 e6 6. Nc3 dxc4 7. Bxc4 Nd7 8. Nge2
Nb6 9. Bb3 Ne7 10. Bg5 Qd7 11. O-O Ned5 12. Ng3 Nxc3 13. bxc3 Bg6 14. Bc2 Bxc2
15. Qxc2 Be7 16. Ne4 Bxg5 17. hxg5 Nc8 18. f4 Kf8 19. f5 b6 20. fxe6 Qxe6 21.
Rf3 Rb8 22. Raf1 Rb7 23. c4 h4 24. Qc3 Re7 25. d5 Qxe5 26. d6 Qxe4 27. dxe7+
Qxe7 28. g6 f6 29. Re3 1-0

[Event "4NCL Division One"]
[Site "Milton Keynes, ENG"]
[Date "2023.05.01"]
[Round "11.13"]
[White "McDonald, Neil"]
[Black "Alsina Leal, Daniel"]
[Result "0-1"]
[WhiteElo "2414"]
[BlackElo "2520"]
[PlyCount "98"]
[EventDate "2023.05.01"]
[WhiteTeam "Wood Green"]
[BlackTeam "Chessable White Rose 1"]

1. e4 c5 2. Nf3 Nc6 3. d4 cxd4 4. Nxd4 Nf6 5. Nc3 e5 6. Ndb5 d6 7. Bg5 a6 8.
Na3 b5 9. Nd5 Be7 10. Bxf6 Bxf6 11. c4 b4 12. Nc2 O-O 13. g3 Be6 14. Bg2 Bxd5
15. cxd5 Nd4 16. O-O Qb6 17. Bh3 a5 18. Nxd4 Qxd4 19. Qc2 Rfb8 20. Rfd1 Qa7 21.
Qc6 Rb6 22. Qa4 Bg5 23. Bg4 g6 24. h4 Bh6 25. h5 Rf8 26. hxg6 fxg6 27. Rf1 Rb7
28. Rae1 Rc7 29. Re2 Qc5 30. Kg2 Bg5 31. Qb3 h5 32. Be6+ Kh8 33. Qd3 Kg7 34.
Kh3 a4 35. f4 exf4 36. Ref2 a3 37. bxa3 Ra8 38. axb4 Qxb4 39. Qe2 Rc3 40. Rf3
Raa3 41. Qg2 Re3 42. Rxe3 Rxe3 43. Rf3 Qxe4 44. Rxe3 Qxe3 45. Qb2+ Bf6 46. Qb3
Bc3 47. Kg2 Qxg3+ 48. Kh1 Qe1+ 49. Kg2 Qe2+ 0-1

[Event "4NCL Division One"]
[Site "Milton Keynes, ENG"]
[Date "2023.05.01"]
[Round "11.14"]
[White "Adair, James R"]
[Black "Wadsworth, Matthew J"]
[Result "1-0"]
[WhiteElo "2442"]
[BlackElo "2423"]
[PlyCount "97"]
[EventDate "2023.05.01"]
[WhiteTeam "Chessable White Rose 1"]
[BlackTeam "Wood Green"]

1. d4 d5 2. c4 c6 3. Nf3 Nf6 4. Nc3 a6 5. c5 g6 6. Bf4 Nh5 7. Be5 f6 8. Bxb8
Rxb8 9. e4 dxe4 10. Nxe4 Be6 11. Qc2 Nf4 12. g3 Nd5 13. Bg2 Bg7 14. O-O O-O 15.
Rfe1 Qd7 16. a3 Rfe8 17. Rad1 Rbd8 18. Nfd2 Bg4 19. Bf3 Kh8 20. Qd3 Qf5 21. Qe2
h5 22. Bxg4 Qxg4 23. Qf1 Bh6 24. Nc4 h4 25. Nc3 Qf5 26. Re2 Kg7 27. Rde1 Kf8
28. Re4 hxg3 29. hxg3 Kf7 30. Qe2 Bf8 31. Nd6+ Rxd6 32. cxd6 e6 33. d7 Rd8 34.
Rxe6 Rxd7 35. Re8 Ne7 36. Rb8 Kg7 37. Qc4 b5 38. Qc5 Qd3 39. Re4 a5 40. Kg2 Qd2
41. d5 cxd5 42. Re2 Qd3 43. Qxb5 Qf5 44. Rb7 Rxb7 45. Qxb7 Kf7 46. Rd2 Ke6 47.
Nxd5 Qe4+ 48. f3 Qe1 49. Qa6+ 1-0

[Event "4NCL Division One"]
[Site "Milton Keynes, ENG"]
[Date "2023.05.01"]
[Round "11.15"]
[White "Harvey, Marcus R"]
[Black "Camacho Collados, Jose"]
[Result "1-0"]
[WhiteElo "2462"]
[BlackElo "2518"]
[PlyCount "211"]
[EventDate "2023.05.01"]
[WhiteTeam "Wood Green"]
[BlackTeam "Chessable White Rose 1"]

1. c4 e6 2. Nf3 d5 3. e3 Nf6 4. b3 Nbd7 5. Bb2 Bd6 6. Qc2 O-O 7. Nc3 a6 8. cxd5
exd5 9. d4 b6 10. g3 Re8 11. Bg2 Bb7 12. O-O Rc8 13. Rfd1 Qe7 14. Rac1 g6 15.
Nd2 h5 16. Nc4 h4 17. Nxd6 Qxd6 18. Qe2 hxg3 19. hxg3 Nf8 20. Qf3 Ne4 21. Qf4
Qxf4 22. gxf4 Nxc3 23. Rxc3 f5 24. a4 Ne6 25. Rdc1 Kf7 26. Ba3 Red8 27. a5 b5
28. Kf1 Rd7 29. Ke2 Rh8 30. Bf3 Rh2 31. Bb4 Kf6 32. R3c2 Rh3 33. Bg2 Rh2 34.
Rg1 Rd8 35. Bf3 Rh3 36. Bg2 Rh2 37. Rcc1 Rdh8 38. Bf3 R2h3 39. Bg2 Rh2 40. Ba3
Re8 41. Kf1 Reh8 42. Rc2 Re8 43. Bf3 Rh3 44. Bg2 Rh2 45. Bb2 Re7 46. Bc3 Re8
47. Bb4 Rd8 48. Bf3 Rh3 49. Kg2 Rh7 50. Rgc1 Rdd7 51. Rc6 Rh8 52. R6c5 Rhh7 53.
R5c2 Rh8 54. Kf1 Re8 55. Bg2 Rh8 56. Kg1 Rhh7 57. Be1 Rh8 58. f3 Rdh7 59. Bg3
Ke7 60. Kf2 Kd7 61. Rg1 Re8 62. Rd1 Kd8 63. Rcc1 Rf8 64. Re1 Re8 65. Rg1 Kd7
66. Bf1 Nd8 67. b4 Nc6 68. Rb1 Nd8 69. Bd3 Nf7 70. Ke2 Nd6 71. Bf2 Re6 72. Rh1
Rhe7 73. Rh6 Nc4 74. Bxc4 dxc4 75. Rg1 Rg7 76. Be1 Rge7 77. Bf2 Rg7 78. Be1
Rge7 79. Bd2 c3 80. Bc1 Rg7 81. Rg3 Rc6 82. Kd3 Rc4 83. Ba3 c2 84. Kd2 Bd5 85.
Rgxg6 Rxg6 86. Rxg6 Bxf3 87. Rxa6 Bc6 88. d5 Bxd5 89. Rf6 Be4 90. a6 c5 91. a7
cxb4 92. Bb2 c1=Q+ 93. Bxc1 Rc2+ 94. Kd1 b3 95. Rxf5 Bf3+ 96. Ke1 Rxc1+ 97. Kf2
b2 98. Kxf3 b1=Q 99. Rd5+ Ke6 100. Re5+ Kf6 101. a8=Q Rf1+ 102. Kg2 Rg1+ 103.
Kh2 Rg7 104. Qf8+ Rf7 105. Qh6+ Qg6 106. Re6+ 1-0

[Event "4NCL Division One"]
[Site "Milton Keynes, ENG"]
[Date "2023.05.01"]
[Round "11.16"]
[White "Emms, John M"]
[Black "Fitzsimons, David"]
[Result "1/2-1/2"]
[WhiteElo "2468"]
[BlackElo "2403"]
[PlyCount "121"]
[EventDate "2023.05.01"]
[WhiteTeam "Chessable White Rose 1"]
[BlackTeam "Wood Green"]

1. e4 e6 2. d4 d5 3. Nd2 c5 4. exd5 Qxd5 5. Ngf3 cxd4 6. Bc4 Qd8 7. O-O Nc6 8.
Nb3 a6 9. Nbxd4 Nxd4 10. Qxd4 Qxd4 11. Nxd4 Nf6 12. Bf4 Bd7 13. Be2 O-O-O 14.
Rfd1 Bc5 15. Bf3 Ba4 16. Nb3 Bb6 17. Bd6 Bc6 18. Bxc6 bxc6 19. Bc5 Kc7 20. Kf1
Ne4 21. Bxb6+ Kxb6 22. Ke2 Nc5 23. Nxc5 Kxc5 24. Rd3 Rxd3 25. cxd3 Rb8 26. Rc1+
Kd5 27. b3 Rb4 28. Ke3 a5 29. d4 a4 30. Rc5+ Kd6 31. Rc3 g5 32. bxa4 Rxa4 33.
a3 f6 34. g4 h6 35. h3 f5 36. gxf5 exf5 37. f4 gxf4+ 38. Kxf4 c5 39. Kxf5 cxd4
40. Rc8 Kd5 41. Rd8+ Kc4 42. Ke4 Kc3 43. h4 Rc4 44. h5 Rc7 45. Rd6 Re7+ 46. Kf5
d3 47. Rxh6 Rd7 48. Rc6+ Kb2 49. Rb6+ Ka1 50. Rg6 Rd5+ 51. Ke4 d2 52. Rg1+ d1=Q
53. Rxd1+ Rxd1 54. Kf5 Kb2 55. h6 Rd6 56. Kg5 Kxa3 57. h7 Rd8 58. Kg6 Kb4 59.
Kg7 Kc5 60. h8=Q Rxh8 61. Kxh8 1/2-1/2

[Event "4NCL Division One"]
[Site "Milton Keynes, ENG"]
[Date "2023.05.01"]
[Round "11.17"]
[White "Greet, Andrew N"]
[Black "Wells, Peter K"]
[Result "1-0"]
[WhiteElo "2408"]
[BlackElo "2386"]
[PlyCount "149"]
[EventDate "2023.05.01"]
[WhiteTeam "Wood Green"]
[BlackTeam "Chessable White Rose 1"]

1. c4 e6 2. Nf3 d5 3. g3 dxc4 4. Bg2 a6 5. O-O Nf6 6. Qc2 b5 7. Ne5 Nd5 8. d3
Bb7 9. dxc4 Nb4 10. Qb3 Bxg2 11. Kxg2 Bd6 12. Nd3 Nxd3 13. Qxd3 Qd7 14. Be3
Qc6+ 15. f3 Qxc4 16. Qxc4 bxc4 17. Rc1 Be5 18. Nc3 Nd7 19. f4 Bf6 20. Na4 c3
21. Nxc3 O-O 22. Rc2 Rfb8 23. Rd1 Nb6 24. Bxb6 cxb6 25. Ne4 Rc8 26. Rdc1 Rxc2
27. Rxc2 Be7 28. Rc7 Kf8 29. Kf3 h6 30. Nf2 Ke8 31. Nd3 Rb8 32. Ra7 a5 33. Ne5
Rc8 34. Rb7 g5 35. Rxb6 a4 36. a3 Bf6 37. Nd3 Rc2 38. Rb4 g4+ 39. Kf2 h5 40.
Ke1 h4 41. Kd1 Rc8 42. gxh4 Ra8 43. h5 Ra5 44. Nf2 Rd5+ 45. Kc2 Rc5+ 46. Kb1
Rxh5 47. Nxg4 Bg7 48. Kc2 f5 49. Ne5 Rxh2 50. Kd2 Bxe5 51. fxe5 Kd7 52. Rxa4
Kc6 53. Rd4 Kc5 54. Kd3 Rh3+ 55. e3 Rh2 56. b4+ Kb5 57. Rd6 Ra2 58. Rxe6 Rxa3+
59. Kd4 Ra1 60. Rf6 Rd1+ 61. Kc3 Rc1+ 62. Kd3 Rd1+ 63. Ke2 Rd5 64. Rxf5 Kxb4
65. Kf3 Kc5 66. Ke4 Rd1 67. Rf6 Re1 68. Rd6 Rh1 69. Rd2 Kc6 70. e6 Rh6 71. Ke5
Rh5+ 72. Kf6 Rh6+ 73. Kf7 Rh3 74. e7 Rf3+ 75. Ke8 1-0

[Event "4NCL Division One"]
[Site "Milton Keynes, ENG"]
[Date "2023.05.01"]
[Round "11.18"]
[White "Sucikova, Svetlana"]
[Black "Toma, Katarzyna"]
[Result "0-1"]
[WhiteElo "2249"]
[BlackElo "2386"]
[PlyCount "56"]
[EventDate "2023.05.01"]
[WhiteTeam "Chessable White Rose 1"]
[BlackTeam "Wood Green"]

1. c4 e5 2. g3 Nc6 3. Bg2 f5 4. Nc3 Nf6 5. e3 d6 6. Nge2 g6 7. d4 Bg7 8. b4 O-O
9. b5 Ne7 10. a4 Qe8 11. Ba3 exd4 12. exd4 f4 13. O-O Nh5 14. Qd3 Qf7 15. Nd5
Nxd5 16. Bxd5 Be6 17. Bxe6 Qxe6 18. f3 Rae8 19. Rf2 Qh3 20. g4 Re3 21. Qd1 Rxf3
22. Rxf3 Qxf3 23. gxh5 Re8 24. Ra2 Qe3+ 25. Kh1 Qe4+ 26. Kg1 f3 27. Nc3 Bxd4+
28. Kf1 Qe3 0-1

[Event "4NCL Division One"]
[Site "Milton Keynes, ENG"]
[Date "2023.05.01"]
[Round "11.23"]
[White "Parligras, Mircea-Emilian"]
[Black "Moreby, James"]
[Result "1-0"]
[WhiteElo "2552"]
[BlackElo "2447"]
[PlyCount "61"]
[EventDate "2023.05.01"]
[WhiteTeam "Chess.com Manx Liberty"]
[BlackTeam "The Sharks 1"]

1. d4 Nf6 2. c4 e6 3. Nc3 Bb4 4. Qc2 O-O 5. e4 d5 6. e5 Ne4 7. Bd3 c5 8. Nf3
cxd4 9. Nxd4 Nd7 10. Bf4 Qh4 11. g3 Qh5 12. h4 g5 13. g4 Qxg4 14. Be3 Nec5 15.
Bxh7+ Kg7 16. Kd2 Ne4+ 17. Bxe4 Qxe4 18. cxd5 exd5 19. Nf5+ Kg6 20. Ne7+ Kg7
21. Nf5+ Kg6 22. Ne7+ Kg7 23. Qxe4 dxe4 24. Ned5 Bc5 25. Rag1 Bxe3+ 26. Kxe3
Nxe5 27. Rxg5+ Ng6 28. h5 Kh6 29. Nxe4 Nh8 30. Ne7 Be6 31. Rg6+ 1-0

[Event "4NCL Division One"]
[Site "Milton Keynes, ENG"]
[Date "2023.05.01"]
[Round "11.25"]
[White "Csonka, Balazs"]
[Black "Dong, Bao Nghia"]
[Result "1/2-1/2"]
[WhiteElo "2496"]
[BlackElo "2332"]
[PlyCount "46"]
[EventDate "2023.05.01"]
[WhiteTeam "Chess.com Manx Liberty"]
[BlackTeam "The Sharks 1"]

1. Nf3 d5 2. d4 c6 3. c4 Nf6 4. Nc3 dxc4 5. a4 Bf5 6. Ne5 Na6 7. e3 Nb4 8. Bxc4
e6 9. O-O Bd6 10. Qe2 Bxe5 11. dxe5 Ne4 12. Nxe4 Bxe4 13. Qg4 Bg6 14. Bxe6 Nc2
15. Rd1 Qxd1+ 16. Qxd1 Rd8 17. Bxf7+ Kxf7 18. Qf3+ Ke8 19. Ra2 Rf8 20. Qe2 Bd3
21. Qg4 Bf5 22. Qe2 Bd3 23. Qg4 Ke7 1/2-1/2

[Event "4NCL Division One"]
[Site "Milton Keynes, ENG"]
[Date "2023.05.01"]
[Round "11.27"]
[White "Kolbus, Dietmar"]
[Black "Bremner, Adam"]
[Result "1-0"]
[WhiteElo "2276"]
[BlackElo "2161"]
[PlyCount "119"]
[EventDate "2023.05.01"]
[WhiteTeam "Chess.com Manx Liberty"]
[BlackTeam "The Sharks 1"]

1. c4 e6 2. Nf3 Nf6 3. b3 d5 4. Bb2 Be7 5. g3 O-O 6. Bg2 c5 7. cxd5 Nxd5 8. Nc3
Nc6 9. O-O Bf6 10. Qc1 b6 11. Nxd5 Bxb2 12. Qxb2 exd5 13. d4 cxd4 14. Nxd4 Qf6
15. Rfd1 Be6 16. Rd2 Ne7 17. Rc1 Rac8 18. Rdc2 Rxc2 19. Rxc2 Rc8 20. Rxc8+ Nxc8
21. e3 Qe7 22. b4 Qc7 23. Bf1 Nd6 24. Bd3 h6 25. Kf1 Bd7 26. Ke1 Kf8 27. Qc2
Qxc2 28. Bxc2 Nb5 29. Ne2 Nc7 30. Kd2 Ke7 31. Nd4 g6 32. h4 h5 33. Bd3 Kd6 34.
Kc3 Ke5 35. Nf3+ Kd6 36. Ng5 Be8 37. Kd4 Ne6+ 38. Nxe6 Kxe6 39. Bc2 f5 40. Bb3
Bc6 41. a3 Kd6 42. f3 a6 43. Ba2 Bb7 44. Bb3 Bc6 45. Bc2 Ke6 46. a4 Kd6 47. a5
b5 48. Bd1 Bd7 49. Be2 Be6 50. e4 dxe4 51. fxe4 fxe4 52. Kxe4 Bf5+ 53. Kd4 Bg4
54. Bf1 Bf5 55. Bg2 Bg4 56. Bb7 Bf5 57. Bxa6 Kc6 58. Ke5 Bd7 59. Kf6 Kc7 60.
Kxg6 1-0

[Event "4NCL Division One"]
[Site "Milton Keynes, ENG"]
[Date "2023.05.01"]
[Round "11.28"]
[White "Foisor, Sabina-Francesca"]
[Black "Terbe, Julianna"]
[Result "1/2-1/2"]
[WhiteElo "2185"]
[BlackElo "2252"]
[PlyCount "24"]
[EventDate "2023.05.01"]
[WhiteTeam "The Sharks 1"]
[BlackTeam "Chess.com Manx Liberty"]

1. d4 d5 2. Nf3 Nf6 3. e3 c5 4. b3 cxd4 5. exd4 Nc6 6. Bd3 Bg4 7. Bb2 e6 8.
Nbd2 Be7 9. h3 Bh5 10. O-O O-O 11. a3 Bg6 12. Bxg6 hxg6 1/2-1/2

[Event "4NCL Division One"]
[Site "Milton Keynes, ENG"]
[Date "2023.05.01"]
[Round "11.31"]
[White "Arkell, Keith C"]
[Black "Reimanis, Ritvars"]
[Result "0-1"]
[WhiteElo "2494"]
[BlackElo "2478"]
[PlyCount "96"]
[EventDate "2023.05.01"]
[WhiteTeam "Cheddleton"]
[BlackTeam "Celtic Tigers 1"]

1. c4 Nf6 2. Nf3 e6 3. Nc3 d5 4. cxd5 exd5 5. d4 c6 6. Qc2 g6 7. Bg5 Be7 8. e3
Bf5 9. Bd3 Bxd3 10. Qxd3 Nbd7 11. Bh6 Bf8 12. Bxf8 Kxf8 13. b4 b5 14. a4 a5 15.
axb5 axb4 16. Rxa8 Qxa8 17. bxc6 Qxc6 18. Na2 Qa4 19. Nc1 Kg7 20. O-O Rc8 21.
Qb3 Qa3 22. Qb1 Ne4 23. Re1 Rc3 24. Ne2 Rxe3 25. Nf4 Rxf3 26. gxf3 Nd2 27. Qd1
Nxf3+ 28. Kg2 Nxe1+ 29. Qxe1 b3 30. Qc3 Qd6 31. Nd3 Qe6 32. Nc5 Qg4+ 33. Kf1
Qd1+ 34. Kg2 Nxc5 35. dxc5+ d4 36. Qg3 Qh5 37. Qxb3 Qxc5 38. Qd3 Qd5+ 39. Kg1
f5 40. f3 Qe5 41. Kg2 Qe3 42. Qc4 d3 43. Qc3+ Kh6 44. Qa3 Qe2+ 45. Kg3 d2 46.
Qf8+ Kh5 47. Qg7 h6 48. Qd4 g5 0-1

[Event "4NCL Division One"]
[Site "Milton Keynes, ENG"]
[Date "2023.05.01"]
[Round "11.32"]
[White "Kilpatrick, Callum"]
[Black "Williams, Simon K"]
[Result "0-1"]
[WhiteElo "2413"]
[BlackElo "2465"]
[PlyCount "112"]
[EventDate "2023.05.01"]
[WhiteTeam "Celtic Tigers 1"]
[BlackTeam "Cheddleton"]

1. e4 g6 2. d4 Bg7 3. Nc3 d6 4. Be3 a6 5. Qd2 b5 6. f3 Nd7 7. g4 Nb6 8. O-O-O
d5 9. Kb1 Rb8 10. Nxd5 Nxd5 11. exd5 Nf6 12. Ne2 Nxd5 13. Bh6 Bxh6 14. Qxh6 Qd6
15. h4 a5 16. Qg7 Rf8 17. Qe5 f6 18. Qxd6 exd6 19. h5 f5 20. Re1 Kf7 21. hxg6+
hxg6 22. gxf5 Bxf5 23. Nc3 Nxc3+ 24. bxc3 Rh8 25. Rxh8 Rxh8 26. Kc1 Rh2 27. Be2
Kf6 28. Kd2 Be6 29. Ke3 Bxa2 30. Ra1 Bc4 31. Bxc4 bxc4 32. Ra4 d5 33. Rxa5 Ke6
34. Ra6+ Kf5 35. Ra2 g5 36. Rb2 c6 37. Ra2 Ke6 38. Rb2 Rh3 39. Rb8 g4 40. Rf8
Ke7 41. Rf5 g3 42. Rg5 Rh2 43. Rxg3 Rxc2 44. Kf4 Rxc3 45. Rg7+ Kd6 46. Rg6+ Kc7
47. Rg7+ Kb6 48. Rg1 Rd3 49. Rf1 Rxd4+ 50. Ke5 Kc5 51. f4 Re4+ 52. Kf6 c3 53.
f5 d4 54. Kg7 d3 55. f6 d2 56. f7 Re7 0-1

[Event "4NCL Division One"]
[Site "Milton Keynes, ENG"]
[Date "2023.05.01"]
[Round "11.33"]
[White "Pert, Nicholas"]
[Black "Zulfic, Fedja"]
[Result "1-0"]
[WhiteElo "2537"]
[BlackElo "2214"]
[PlyCount "45"]
[EventDate "2023.05.01"]
[WhiteTeam "Cheddleton"]
[BlackTeam "Celtic Tigers 1"]

1. d4 Nf6 2. Nf3 g6 3. g3 Bg7 4. Bg2 d5 5. O-O O-O 6. c4 c6 7. Nc3 dxc4 8. e4
b5 9. Qe2 b4 10. Nd1 Ba6 11. Re1 e6 12. e5 Nd5 13. h4 c5 14. Ne3 c3 15. Qc2
cxd4 16. Nxd4 Bxe5 17. Nxd5 Bxd4 18. Nxb4 Qc7 19. bxc3 Qxc3 20. Qxc3 Bxc3 21.
Ba3 Bb5 22. Bxa8 Nd7 23. Bc6 1-0

[Event "4NCL Division One"]
[Site "Milton Keynes, ENG"]
[Date "2023.05.01"]
[Round "11.34"]
[White "Pein, Malcolm"]
[Black "Pert, Richard G"]
[Result "0-1"]
[WhiteElo "2305"]
[BlackElo "2487"]
[PlyCount "52"]
[EventDate "2023.05.01"]
[WhiteTeam "Celtic Tigers 1"]
[BlackTeam "Cheddleton"]

1. Nf3 d5 2. c4 e6 3. d4 Nf6 4. Nc3 dxc4 5. e3 a6 6. Bxc4 b5 7. Be2 Bb7 8. O-O
Nbd7 9. b3 c5 10. Bb2 Be7 11. a4 b4 12. Nb1 O-O 13. Nbd2 Rc8 14. Nc4 cxd4 15.
Bxd4 Ne4 16. Nfd2 Nc3 17. Bxc3 bxc3 18. Bf3 Qc7 19. Bxb7 Qxb7 20. Ne4 Qxe4 21.
Qxd7 Bf6 22. Qa7 c2 23. Rae1 Qd3 24. Nb6 Rcd8 25. Nc4 Qxb3 26. Qxa6 Rd1 0-1

[Event "4NCL Division One"]
[Site "Milton Keynes, ENG"]
[Date "2023.05.01"]
[Round "11.35"]
[White "Eggleston, David J"]
[Black "Gallana, Marco"]
[Result "1/2-1/2"]
[WhiteElo "2423"]
[BlackElo "2296"]
[PlyCount "187"]
[EventDate "2023.05.01"]
[WhiteTeam "Cheddleton"]
[BlackTeam "Celtic Tigers 1"]

1. e4 c5 2. Nf3 Nc6 3. Bb5 Nf6 4. Nc3 g6 5. Bxc6 dxc6 6. d3 Bg7 7. h3 O-O 8.
Be3 b6 9. Qd2 e5 10. Bh6 Qd6 11. Bxg7 Kxg7 12. a3 Ne8 13. b4 Nc7 14. bxc5 Qxc5
15. Ne2 Ne6 16. O-O Rd8 17. Nh2 f6 18. h4 h6 19. Kh1 g5 20. g3 Rb8 21. f4 Rb7
22. fxe5 Qxe5 23. Nf3 Qa5 24. Qxa5 bxa5 25. Rab1 Rb6 26. e5 Rf8 27. Kg1 Nc7 28.
hxg5 fxg5 29. Nfd4 Rxf1+ 30. Rxf1 c5 31. Nb3 Ne6 32. Nxa5 Rb2 33. Rc1 Ba6 34.
Kf2 Kg6 35. Nc6 h5 36. Nxa7 Kf5 37. Nc6 Bb5 38. Na5 Kxe5 39. a4 Ba6 40. Ke3 Kf5
41. Rf1+ Kg6 42. Kd2 Rb6 43. Nc3 Nd4 44. Ne4 Nf5 45. Kc3 c4 46. Nxc4 Bxc4 47.
Kxc4 Rc6+ 48. Kd5 Rxc2 49. Ke5 Ne3 50. Rf6+ Kg7 51. Kd4 Ng4 52. Rf5 Kh6 53.
Rxg5 Ra2 54. Ra5 Ra3 55. Ra6+ Kg7 56. a5 Nh6 57. Ra7+ Kg6 58. a6 Nf5+ 59. Ke5
Ra5+ 60. Kf4 Nd4 61. Ra8 Ne6+ 62. Ke3 Nc7 63. Rg8+ Kh6 64. Rc8 Nxa6 65. Ra8 Ra2
66. Nc3 Ra5 67. d4 Ra3 68. Kd2 Kg6 69. d5 Kf5 70. Rh8 Nb4 71. Rxh5+ Kg6 72. Rh8
Kf6 73. Re8 Kf7 74. Re5 Kf6 75. Re4 Rb3 76. g4 Kg5 77. d6 Nc6 78. Rc4 Ne5 79.
Rc5 Kf6 80. g5+ Ke6 81. Nb5 Nc4+ 82. Kd1 Rb1+ 83. Ke2 Nxd6 84. Nd4+ Kf7 85. Kf3
Rd1 86. Ne2 Kg7 87. Nf4 Rf1+ 88. Ke3 Rg1 89. Rc7+ Nf7 90. g6 Rxg6 91. Nxg6 Kxg6
92. Kf4 Kf6 93. Rc6+ Ke7 94. Kf5 1/2-1/2

[Event "4NCL Division One"]
[Site "Milton Keynes, ENG"]
[Date "2023.05.01"]
[Round "11.36"]
[White "Pein, Jonathan"]
[Black "Kirk, Ezra"]
[Result "1-0"]
[WhiteElo "2301"]
[BlackElo "2439"]
[PlyCount "65"]
[EventDate "2023.05.01"]
[WhiteTeam "Celtic Tigers 1"]
[BlackTeam "Cheddleton"]

1. e4 c5 2. Nf3 Nc6 3. d4 cxd4 4. Nxd4 e5 5. Nb5 d6 6. N1c3 a6 7. Na3 b5 8. Nd5
Nge7 9. Bg5 h6 10. Bxb5 axb5 11. Nxb5 f6 12. Bxf6 gxf6 13. Qh5+ Kd7 14. Nxf6+
Ke6 15. Ne8 Ng8 16. Nec7+ Kf6 17. f4 Rh7 18. Qh4+ Kg7 19. Qxd8 Nxd8 20. Nxa8
Ne6 21. O-O-O Nxf4 22. Nb6 Bg4 23. Rd2 Nf6 24. Re1 Kg6 25. a4 Nd7 26. Nxd7 Bxd7
27. Nxd6 Bxa4 28. Nc4 Bb4 29. c3 Bb5 30. Nxe5+ Kf6 31. g3 Ra7 32. Kb1 Ne6 33.
cxb4 1-0

[Event "4NCL Division One"]
[Site "Milton Keynes, ENG"]
[Date "2023.05.01"]
[Round "11.37"]
[White "Nilssen, Ellen Fredericia"]
[Black "Hoffmann, Hendrik"]
[Result "1/2-1/2"]
[WhiteElo "2126"]
[BlackElo "2266"]
[PlyCount "20"]
[EventDate "2023.05.01"]
[WhiteTeam "Cheddleton"]
[BlackTeam "Celtic Tigers 1"]

1. d4 d5 2. c4 dxc4 3. Nf3 Nf6 4. e3 e6 5. Bxc4 a6 6. b3 c5 7. O-O Nc6 8. Bb2
b5 9. Be2 Bb7 10. a4 b4 1/2-1/2

[Event "4NCL Division One"]
[Site "Milton Keynes, ENG"]
[Date "2023.05.01"]
[Round "11.38"]
[White "Serbanescu, Diana-Maria"]
[Black "Boswell, Jacob Connor"]
[Result "0-1"]
[WhiteElo "2057"]
[BlackElo "2119"]
[PlyCount "100"]
[EventDate "2023.05.01"]
[WhiteTeam "Celtic Tigers 1"]
[BlackTeam "Cheddleton"]

1. e4 c5 2. c3 Nf6 3. e5 Nd5 4. d4 cxd4 5. Nf3 d6 6. cxd4 Nc6 7. Bc4 Nb6 8. Bb3
dxe5 9. d5 Na5 10. Nc3 Bg4 11. Be3 Nxb3 12. Qxb3 Bxf3 13. gxf3 g6 14. a4 Rc8
15. a5 Nc4 16. Qxb7 Nxe3 17. Qb5+ Qd7 18. Qxd7+ Kxd7 19. fxe3 Bg7 20. e4 Rb8
21. Ra2 Bh6 22. Ke2 Rb3 23. h4 Rhb8 24. Na4 Rc8 25. Nc3 Rcb8 26. Na4 Be3 27.
Rd1 h5 28. Rd3 Rxd3 29. Kxd3 Bf2 30. Kc4 Bxh4 31. b4 Be1 32. Nc5+ Kd6 33. Nd3
Bg3 34. b5 h4 35. b6 axb6 36. a6 h3 37. Kb5 h2 38. Ra1 Rh8 39. Rh1 Kc7 40. Rc1+
Kb8 41. Rh1 Rc8 42. Nb4 Rc3 43. Nc6+ Kc7 44. Ra1 Ra3 45. Rc1 Bf4 46. Rh1 Ra2
47. Nxe7 Ra5+ 48. Kc4 Rxa6 49. Kb3 Ra5 50. Nc6 Rc5 0-1

[Event "4NCL Division One"]
[Site "Milton Keynes, ENG"]
[Date "2023.05.01"]
[Round "11.41"]
[White "Murphy, Conor E"]
[Black "Chow, Samuel"]
[Result "0-1"]
[WhiteElo "2450"]
[BlackElo "2393"]
[PlyCount "94"]
[EventDate "2023.05.01"]
[WhiteTeam "Cambridge University 1"]
[BlackTeam "Chessable White Rose 2"]

1. Nf3 Nf6 2. c4 g6 3. Nc3 Bg7 4. e4 e5 5. Nxe5 O-O 6. d3 Re8 7. Nf3 d5 8. cxd5
Nxd5 9. Bd2 Bg4 10. Be2 Bxf3 11. gxf3 Nb4 12. Be3 N8c6 13. Kf1 Nd4 14. h4 Nxe2
15. Kxe2 Qd6 16. a3 Nc6 17. Qa4 a6 18. Qc4 Nd4+ 19. Bxd4 Bxd4 20. Nd5 c5 21. h5
b5 22. Qa2 Rad8 23. Kf1 Re5 24. Re1 Rxh5 25. Rxh5 gxh5 26. b4 cxb4 27. axb4 h4
28. Qd2 Kh8 29. Qf4 Qxf4 30. Nxf4 Rc8 31. Ne2 Bf6 32. d4 h3 33. e5 Bh4 34. d5
Rc2 35. d6 Rd2 36. f4 Kg7 37. Kg1 Kg6 38. Kh2 Bxf2 39. Rf1 Rxe2 40. Kxh3 Kf5
41. d7 Bb6 42. Ra1 Rd2 43. Rxa6 Bd8 44. Ra7 Kxf4 45. e6 fxe6 46. Ra2 Rxd7 47.
Rd2 Rd5 0-1

[Event "4NCL Division One"]
[Site "Milton Keynes, ENG"]
[Date "2023.05.01"]
[Round "11.42"]
[White "Townsend, M Paul"]
[Black "Gallagher, Daniel GH"]
[Result "0-1"]
[WhiteElo "2217"]
[BlackElo "2214"]
[PlyCount "130"]
[EventDate "2023.05.01"]
[WhiteTeam "Chessable White Rose 2"]
[BlackTeam "Cambridge University 1"]

1. d4 Nf6 2. c4 g6 3. Nc3 Bg7 4. e4 d6 5. Nf3 O-O 6. Be2 e5 7. O-O h6 8. dxe5
dxe5 9. Be3 Ng4 10. Bc5 Qxd1 11. Rfxd1 Re8 12. h3 Na6 13. Ba3 Nf6 14. b4 Bf8
15. c5 c6 16. Nd2 b6 17. Nb3 Nc7 18. b5 Bb7 19. f3 Ne6 20. bxc6 Bxc6 21. Bb5
Bxb5 22. Nxb5 bxc5 23. Nd6 Red8 24. Nc4 Nd7 25. Rd5 Nb6 26. Rxd8 Rxd8 27. Nba5
Rd4 28. Rc1 Nf4 29. Rc2 Nd3 30. Kf1 f6 31. Ke2 Nf4+ 32. Kf2 Kf7 33. h4 h5 34.
g3 Ne6 35. Bb2 Rd1 36. Rd2 Rxd2+ 37. Nxd2 Nd4 38. Ndc4 Ke6 39. Bc1 Be7 40. g4
Na4 41. Bd2 Bd8 42. Nb3 Kd7 43. Nba5 Bxa5 44. Bxa5 Nc6 45. Bd2 Nb6 46. Ne3 Nd4
47. Ba5 Ke6 48. Kg2 Nc8 49. Kf2 hxg4 50. Nxg4 Nd6 51. Ne3 f5 52. exf5+ N6xf5
53. Nxf5 Nxf5 54. Bd8 Kd5 55. Ke2 c4 56. Bf6 Nd4+ 57. Ke3 Nc2+ 58. Kd2 Nb4 59.
a3 Nd3 60. Bg5 a6 61. Be3 Nf4 62. Bf2 Ne6 63. Bg3 Nd4 64. f4 exf4 65. Bxf4 Nf3+
0-1

[Event "4NCL Division One"]
[Site "Milton Keynes, ENG"]
[Date "2023.05.01"]
[Round "11.43"]
[White "McClement, Andrew"]
[Black "Wall, Tim P"]
[Result "0-1"]
[WhiteElo "2232"]
[BlackElo "2205"]
[PlyCount "88"]
[EventDate "2023.05.01"]
[WhiteTeam "Cambridge University 1"]
[BlackTeam "Chessable White Rose 2"]

1. Nf3 d5 2. c4 e6 3. g3 Nf6 4. d4 Be7 5. Bg2 O-O 6. O-O a5 7. Nc3 c6 8. Qd3 b6
9. Rd1 Nbd7 10. e4 Ba6 11. b3 b5 12. Nd2 bxc4 13. bxc4 Nb6 14. Qc2 Nxc4 15. Nb3
Nd7 16. Bf4 Rc8 17. Na4 Bb5 18. Nc3 a4 19. Nc1 Bf6 20. exd5 exd5 21. Nxa4 Bxa4
22. Qxa4 Nb2 23. Qc2 Nxd1 24. Qxd1 Nc5 25. Rb1 Ne6 26. Be3 Rb8 27. Nb3 Rb4 28.
Rc1 Rc4 29. Rb1 Qa8 30. Bh3 Qxa2 31. Bxe6 fxe6 32. Nc5 Bxd4 33. Nxe6 Bxe3 34.
Nxf8 Qxf2+ 35. Kh1 Qxf8 36. Qe2 Re4 37. Rb7 Bd4 38. Qd1 h6 39. Kg2 Qf2+ 40. Kh3
Qf5+ 41. Kg2 Qf2+ 42. Kh3 Be5 43. Qf3 Rh4+ 44. gxh4 Qxf3# 0-1